Cultura organizacional & estilos de dirección orientados al mercado / (Registro nro. 37786)
[ vista simple ]
| 000 -CABECERA | |
|---|---|
| Longitud fija campo de control | 00812nam a2200229 4500 |
| 003 - • IDENTIFICADOR DELl NÚMERO DE CONTROL | |
| Identificador del número de control | CO-ViMGA |
| 020 ## - • NÚMERO INTERNACIONAL NORMALIZADO PARA LIBROS | |
| Número Internacional Normalizado para Libros (ISBN) | 978-958-648-587-6 |
| 040 ## - FUENTE DE LA CATALOGACIÓN | |
| Centro catalogador de origen | CO-ViMGA |
| Lengua de catalogación | spa |
| Centro transcriptor | CO-ViMGA |
| 082 04 - • NÚMERO DE LA CLASIFICACIÓN DECIMAL DEWEY | |
| Número de clasificación (R) | 658.8 |
| Número del ítem | P171c |
| 100 1# - • PUNTO DE ACCESO PRINCIPAL-NOMBRE DE PERSONA | |
| Nombre de persona | Páramo Morales, Dagoberto |
| 245 10 - • TITULO PROPIAMENTE DICHO | |
| Título | Cultura organizacional & estilos de dirección orientados al mercado / |
| Mención de responsabilidad, etc. | Dagoberto Páramo Morales, Elías Ramírez Plazas, Alfonso Rodríguez Ramírez. |
| 250 ## - • MENCIÓN DE EDICIÓN | |
| Mención de edición | 1a. ed. |
| 300 ## - • DESCRIPCIÓN FÍSICA | |
| Extensión | ix, 99 p. ; |
| Otras características físicas | 24 cm. |
| 490 ## - • MENCIÓN DE SERIE | |
| Mención de serie | (Ciencias administrativas. Mercadeo) |
| 650 14 - • PUNTO DE ACCESO ADICIONAL DE MATERIA - TÉRMINO DE MATERIA | |
| Término de materia o nombre geográfico como elemento inicial | Administración de mercadeo |
| 650 14 - • PUNTO DE ACCESO ADICIONAL DE MATERIA - TÉRMINO DE MATERIA | |
| Término de materia o nombre geográfico como elemento inicial | Cultura corporativa |
| 650 14 - • PUNTO DE ACCESO ADICIONAL DE MATERIA - TÉRMINO DE MATERIA | |
| Término de materia o nombre geográfico como elemento inicial | Mercadeo |
| 700 1# - • PUNTO DE ACCESO ADICIONAL - NOMBRE DE PERSONA | |
| Nombre de persona | Rodríguez Ramírez, Alfonso |
| 700 1# - • PUNTO DE ACCESO ADICIONAL - NOMBRE DE PERSONA | |
| Nombre de persona | Ramírez Plazas, Elías |
| 942 ## - ENTRADA DE ELEMENTOS AGREGADOS (KOHA) | |
| Fuente de clasificaión o esquema | Dewey Decimal Classification |
| Koha [por defecto] tipo de item | LIbro |
| Perdido | Fuente de clasificación o esquema | Estado Físico | No para préstamo | Forma de adquisición | Localización permanente | Localización actual | Fecha adquisición | Préstamos totales | Signatura completa | Código de barras | Fecha última consulta | Número de copia | Fecha del precio de reemplazo | Tipo de item de Koha |
|---|---|---|---|---|---|---|---|---|---|---|---|---|---|---|
| Dewey Decimal Classification | Sala Especializada Tercer Piso | Biblioteca Pública Germán Arciniegas - Villavicencio | Biblioteca Pública Germán Arciniegas - Villavicencio | 03/13/2017 | 658.8 P171c | 031497 | 10/05/2022 | Ej. 1 | 03/13/2017 | LIbro |